| Tag |
First Indicator |
Second Indicator |
Subfields |
| LEADER |
00000cam a2200000 a 4500 |
| 001 |
in00000891782 |
| 005 |
20150923140941.0 |
| 007 |
hd afv---baca |
| 007 |
hz bfv---baaa |
| 008 |
840124s1669 miu a 00010 eng d |
| 035 |
|
|
|a (OCoLC)10333956
|
| 035 |
|
|
|9 AEL4751AM
|
| 037 |
|
|
|a CL0037000047
|b University Microfilms International
|
| 037 |
|
|
|b University Microfilms International, 300 N. Zeeb Rd., Ann Arbor, MI 48106
|
| 040 |
|
|
|a UMI
|c UMI
|d m/c
|d UtOrBLW
|
| 049 |
|
|
|a TXAI
|
| 090 |
|
|
|a BV4831
|b .F85 1669
|
| 099 |
|
|
|a film
|a B
|a 3609
|
| 100 |
1 |
|
|a Fuller, Thomas,
|d 1608-1661.
|
| 245 |
1 |
0 |
|a Good thoughts in bad times ; together with, Good thoughts in worse times :
|b consisting of personal meditations, Scripture observations, historical applications, mixt contemplations, meditations on the times, meditations on all kind of prayers, occasional meditations /
|c by Thomas Fuller.
|
| 264 |
|
3 |
|a London :
|b Printed by J.R. for John Willams,
|c 1669.
|
| 300 |
|
|
|a 4 unnumbered pages, 86 pages, 12 unnumbered pages, 112 pages
|
| 336 |
|
|
|a text
|b txt
|2 rdacontent
|
| 337 |
|
|
|a microform
|b h
|2 rdamedia
|
| 338 |
|
|
|a microfilm reel
|b hd
|2 rdacarrier
|
| 500 |
|
|
|a "Good thoughts in worse times" has special title page and separate pagination.
|
| 500 |
|
|
|a Reproduction of original in the Harvard University Library.
|
| 510 |
4 |
|
|a Wing
|c F2434.
|
| 533 |
|
|
|a Microfilm.
|b Ann Arbor, Mich. :
|c University Microfilms International,
|d 1983.
|e 1 microfilm reel ; 35 mm.
|f (Early English books, 1641-1700 ; 1384:53)
|
| 500 |
|
|
|a Microform.
|
| 650 |
|
0 |
|a Devotional exercises.
|
| 700 |
1 |
2 |
|a Fuller, Thomas,
|d 1608-1661.
|t Good thoughts in worse times.
|
| 730 |
0 |
2 |
|a Good thoughts in worse times.
|
| 830 |
|
0 |
|a Early English books, 1641-1700 ;
|v 1384:53.
|
| 999 |
|
|
|a MARS
|
| 999 |
f |
f |
|s 2308950c-cf5e-3bb0-9538-7b8ab49a7f76
|i e46ddb7e-8d19-3382-a3c5-c28de75264d9
|t 0
|
| 952 |
f |
f |
|p default
|a Texas A&M University
|b College Station
|c Sterling C. Evans Library
|d Evans: Microforms (3rd floor)
|t 0
|e film B 3609 1384:53
|h Other scheme
|i microform -- microfilm reel
|
| 998 |
f |
f |
|a film B 3609 1384:53
|t 0
|l Evans: Microforms (3rd floor)
|